Kanun Tanah Negara 1965 [Akta 56/1965] : (hingga 5hb Ogos 2002)

Bibliographic Details
Corporate Author: MALAYSIA
Format: Book
Published: Petaling Jaya, Selangor : International Law Book Services , 2002
Series:Undang-undang Malaysia
Subjects:

MARC

LEADER 00000cam a2200000 7i4500
001 0000002869
005 20040204.0
020 0 0 |a 9678912767 
090 0 0 |a R346.595043   |b MAL 2002 
110 1 0 |a MALAYSIA 
245 1 0 |a Kanun Tanah Negara 1965 [Akta 56/1965] : (hingga 5hb Ogos 2002)   |c disusun oleh Lembaga Penyelidikan Undang-undang 
260 0 0 |a Petaling Jaya, Selangor :   |b International Law Book Services ,   |c 2002 
300 |a xxiv, 485 p. ;   |c 24 cm. 
440 0 0 |a Undang-undang Malaysia 
650 0 0 |a Land tenure   |x Law and legislation   |z Malaysia 
650 0 0 |a Land use   |x Law and legislation   |z Malaysia 
650 0 0 |a Land, Nationalization of   |x Law and legislation   |z Malaysia 
998 |a JPSM 
999 |a 0000005148   |b Monograph   |c Reference   |e Default branch 
999 |a 0000005511   |b Monograph   |c Open Shelf   |e Default branch